<?xml version="1.0" encoding="UTF-8"?>
<record
    xmlns:xsi="http://www.w3.org/2001/XMLSchema-instance"
    xsi:schemaLocation="http://www.loc.gov/MARC21/slim http://www.loc.gov/standards/marcxml/schema/MARC21slim.xsd"
    xmlns="http://www.loc.gov/MARC21/slim">

  <leader>     nam a22     7a 4500</leader>
  <datafield tag="999" ind1=" " ind2=" ">
    <subfield code="c">57574</subfield>
    <subfield code="d">57574</subfield>
  </datafield>
  <controlfield tag="005">20180802125618.0</controlfield>
  <controlfield tag="008">a080403s1978    sp            000 0 spa u</controlfield>
  <datafield tag="020" ind1=" " ind2=" ">
    <subfield code="a">8470031686 (obra completa)</subfield>
  </datafield>
  <datafield tag="020" ind1=" " ind2=" ">
    <subfield code="a">8470031694 (V 1)</subfield>
  </datafield>
  <datafield tag="020" ind1=" " ind2=" ">
    <subfield code="a">8470031708 (V 2)</subfield>
  </datafield>
  <datafield tag="050" ind1="0" ind2="4">
    <subfield code="a">SF991</subfield>
    <subfield code="b">W46 1978</subfield>
  </datafield>
  <datafield tag="100" ind1="1" ind2=" ">
    <subfield code="a">Whittick, W. G..</subfield>
  </datafield>
  <datafield tag="245" ind1="1" ind2="0">
    <subfield code="a">Traumatolog&#xED;a y ortopedia canina</subfield>
    <subfield code="c"> / W. G. Whittick ; traducci&#xF3;n de Manuel Barber&#xE1;n</subfield>
  </datafield>
  <datafield tag="250" ind1=" " ind2=" ">
    <subfield code="a">1a.</subfield>
  </datafield>
  <datafield tag="260" ind1=" " ind2=" ">
    <subfield code="a">Espa&#xF1;a : </subfield>
    <subfield code="b">AEDOS,</subfield>
    <subfield code="c">1978</subfield>
  </datafield>
  <datafield tag="300" ind1=" " ind2=" ">
    <subfield code="a">2v.; </subfield>
    <subfield code="b"> il.; </subfield>
    <subfield code="c"> 23 cm.</subfield>
  </datafield>
  <datafield tag="500" ind1=" " ind2=" ">
    <subfield code="a"> </subfield>
  </datafield>
  <datafield tag="505" ind1=" " ind2=" ">
    <subfield code="a">Contenido :</subfield>
    <subfield code="g">vol. 1 Huesos : Patolog&#xED;a, diagn&#xF3;stico y tratamientos</subfield>
    <subfield code="g">vol. 2 Fracturas, displasias y fisioterapia</subfield>
  </datafield>
  <datafield tag="650" ind1=" " ind2="7">
    <subfield code="a">Ortopedia veterinaria </subfield>
    <subfield code="2">Lemb</subfield>
  </datafield>
  <datafield tag="650" ind1=" " ind2=" ">
    <subfield code="a">Perros </subfield>
    <subfield code="x">Enfermedades |2lemb.</subfield>
  </datafield>
  <datafield tag="700" ind1="1" ind2=" ">
    <subfield code="a">Barber&#xE1;n, Manuel., </subfield>
    <subfield code="e">traductor.</subfield>
  </datafield>
  <datafield tag="942" ind1=" " ind2=" ">
    <subfield code="2">lcc</subfield>
    <subfield code="c">LIB</subfield>
  </datafield>
  <datafield tag="952" ind1=" " ind2=" ">
    <subfield code="1">0</subfield>
    <subfield code="2">lcc</subfield>
    <subfield code="4">0</subfield>
    <subfield code="7">0</subfield>
    <subfield code="a">LIC-013</subfield>
    <subfield code="b">LIC-013</subfield>
    <subfield code="c">GENERAL</subfield>
    <subfield code="d">2018-08-02</subfield>
    <subfield code="f">1a.</subfield>
    <subfield code="k">CA</subfield>
    <subfield code="o">SF991 W46 1978</subfield>
    <subfield code="p">MVZ000005076</subfield>
    <subfield code="r">2018-08-02 00:00:00</subfield>
    <subfield code="t">C : 1  V.1</subfield>
    <subfield code="y">LIB</subfield>
  </datafield>
  <datafield tag="952" ind1=" " ind2=" ">
    <subfield code="1">0</subfield>
    <subfield code="2">lcc</subfield>
    <subfield code="4">0</subfield>
    <subfield code="7">0</subfield>
    <subfield code="a">LIC-013</subfield>
    <subfield code="b">LIC-013</subfield>
    <subfield code="c">GENERAL</subfield>
    <subfield code="d">2018-08-02</subfield>
    <subfield code="f">1a.</subfield>
    <subfield code="k">CA</subfield>
    <subfield code="o">SF991 W46 1978</subfield>
    <subfield code="p">MVZ000005077</subfield>
    <subfield code="r">2018-08-02 00:00:00</subfield>
    <subfield code="t">C : 1  V.2</subfield>
    <subfield code="y">LIB</subfield>
  </datafield>
  <datafield tag="952" ind1=" " ind2=" ">
    <subfield code="1">0</subfield>
    <subfield code="2">lcc</subfield>
    <subfield code="4">0</subfield>
    <subfield code="7">0</subfield>
    <subfield code="a">LIC-013</subfield>
    <subfield code="b">LIC-013</subfield>
    <subfield code="c">GENERAL</subfield>
    <subfield code="d">2018-08-02</subfield>
    <subfield code="f">1a.</subfield>
    <subfield code="k">CA</subfield>
    <subfield code="o">SF991 W46 1978</subfield>
    <subfield code="p">MVZ000005078</subfield>
    <subfield code="r">2018-08-02 00:00:00</subfield>
    <subfield code="t">C : 1  V. 2</subfield>
    <subfield code="y">LIB</subfield>
  </datafield>
</record>
